000 01098nam a2200229Ia 4500
001 L220-4206
003 IT-CnALBA
008 170116s9999||||xx |||||||||||||| ||und||
040 _aIT-CnALBA
_cIT-CnALBA
041 _aBILINGUE
100 _aDE SACY LE MAISTRE
245 0 _aSACRA SCRITTURA. TOMO VI. IL DEUTERONOMIO GIUSTA LA VULGATA IN LINGUA LATINA E VOLGARE.
250 _a2a ed.
260 _a VENEZIA
_bBASEGIO LORENZO
_c1776 [1° Ed.: n.d.]
300 _a448 p. (prefazione: 512)
500 _aINDICE ANALITICO DEL DEUTERONOMIO. SPIEGAZIONE DEL SENSO LETTERALE E SPIRITUALE DEI SS. PADRI E AUTORI ECCLESIASTICI. CURATORE LE MAITRE DE SACY. VECCHIO TESTAMENTO TESTO E COMMENTO.
501 _aSocietà San Paolo EM - Piazza San Paolo, 14 - 12051 ALBA (CN) (non commercial uses only) ® Copyright 2017
520 _aINDICE ANALITICO DEL DEUTERONOMIO. SPIEGAZIONE DEL SENSO LETTERALE E SPIRITUALE DEI SS. PADRI E AUTORI ECCLESIASTICI. CURATORE LE MAITRE DE SACY. VECCHIO TESTAMENTO TESTO E COMMENTO.
650 _aBIBBIA - TESTI E COMMENTI
942 _cBK
957 _71
999 _a5184
_bSI
_g Copie: 1
_c263392
_d263392